| 000 | 01314 a2200289 4500 | ||
|---|---|---|---|
| 005 | 20250613152016.0 | ||
| 020 | _a9781446272510 (pbk.) | ||
| 050 | 0 | 0 |
_aHV 6773.5 _bCHA 2015 |
| 100 | 1 |
_aChakraborti, Neil, _eauthor. |
|
| 245 | 1 | 0 |
_aHate crime : _bimpact, causes & responses / _cNeil Chakraborti & Jon Garland. |
| 250 | _aSecond edition. | ||
| 264 | 1 |
_aLos Angeles : _bSAGE, _c2015. |
|
| 300 | _axv, 192 pages ; | ||
| 336 |
_atext _btxt _2rdacontent |
||
| 337 |
_aunmediated _bn _2rdamedia |
||
| 338 |
_avolume _bnc _2rdacarrier |
||
| 504 | _aIncludes bibliographical references (pages 169-187) and index. | ||
| 505 | 0 | _aUnderstanding hate crime -- Racist hate crime -- Religiously motivated hate crime -- Homophobic hate crime -- Transphobic hate crime -- Disablist hate crime -- Vulnerability, 'difference' and gendered violence -- Perpetrators of hate crime -- Responding to hate crime -- International perspectives on hate crime -- Conclusions and future directions. | |
| 650 | 0 | _aHate crimes. | |
| 650 | 7 | _aHate crimes. | |
| 650 | 7 | _aHate crimes. | |
| 650 | 7 | _aHatbrott. | |
| 700 | 1 |
_aGarland, Jon, _d1967- _eauthor. |
|
| 942 |
_2lcc _cBK _esecond _h6773.5 _iCHA _kHV |
||
| 999 |
_c11554 _d11554 |
||